Countries with Territorial Claims in Antarctica - Statistics

General Stats
  • This quiz has been taken 18 times
  • The average score is 6 of 7
Answer Stats
Country % Correct
Norway
100%
Australia
94%
Argentina
88%
Chile
88%
United Kingdom
88%
France
81%
New Zealand
81%
No matching quizzes found
Score Distribution
Percent of People with Each Score
Percentile by Number Answered
Your Score History
You have not taken this quiz